[Event "Let's Play Chess!"]
[Site "http://www.queenalice.com/game.php?id=590513"]
[Date "2009.5.19"]
[Round "-"]
[White "ZZZZ"]
[Black "twin"]
[Result "0-1"]
[WhiteElo "1694"]
[BlackElo "1854"]

1. e4 e5 2. Qh5 Nf6 3. Qxe5+ Be7 4. d3 d6 5. Qf4 Nc6 6. Qg3 Ng4 7. Nf3 g6 8. h3
Nge5 9. Bh6 Nxf3+ 10. Qxf3 Nd4 11. Qd1 Bg5 12. Bg7 Bf6 13. Bxh8 Bxh8 14. c3 Nb5
15. Be2 Qg5 16. g4 Be6 17. a4 Nd4 18. Ra3 Nxe2 19. Qxe2 O-O-O 20. Nd2 d5 21. f3
dxe4 22. fxe4 Re8 23. a5 a6 24. Nf3 Qc1+ 25. Qd1 Qxb2 26. Ra4 Bb3 27. Qa1 Bxc3+
28. Kf1 Qxa1+ 29. Rxa1 Bxa1 30. Nd2 Ba4 31. Ke2 Bc3 32. Nc4 Rd8 33. Ke3 Bb5 34.
Rc1 Bd4+ 35. Kf3 Bxc4 36. Rxc4 Bg7 37. Ke2 Re8 38. g5 f6 39. gxf6 Bxf6 40. Kf3
Rd8 41. Ke2 Kb8 42. Rc1 g5 43. Rf1 Bd4 44. Rf5 h6 45. Kf3 Bc3 46. Ke3 b6 47.
axb6 cxb6 48. h4 g4 49. h5 g3 50. Kf3 Rxd3+ 51. Kg2 Be1 52. Rf6 Rd2+ 53. Kg1
Bf2+ 54. Kf1 Be3 55. Rf8+ Kc7 56. Rf7+ Kd6 57. Rf6+ Ke5 58. Rf3 g2+ 59. Ke1
g1=Q+ 60. Rf1 Qg3+ 0-1

[Event "Let's Play Chess!"]
[Site "http://www.queenalice.com/game.php?id=590516"]
[Date "2009.5.19"]
[Round "-"]
[White "twin"]
[Black "spawnwolfwolverine"]
[Result "1-0"]
[WhiteElo "1776"]
[BlackElo "1666"]

1. e4 e5 2. Nf3 d6 3. Bc4 Bg4 4. h3 Bxf3 5. Qxf3 Qd7 6. Nc3 Nf6 7. Bb5 c6 8. Bc4
Be7 9. d3 O-O 10. Qg3 g6 11. Bg5 b5 12. Bxf6 Bxf6 13. Bb3 a5 14. a3 a4 15. Ba2
c5 16. Nd5 Kg7 17. Nb6 Qa7 18. Nxa8 Qxa8 19. O-O Na6 20. b3 axb3 21. Bxb3 Rc8
22. Bd5 Qa7 23. c4 bxc4 24. Bxc4 Nc7 25. Qg4 Rb8 26. Qd7 Rf8 27. Qxd6 Ne6 28.
Bxe6 fxe6 29. Qxe6 h5 30. Qd5 g5 31. Rfb1 Kg6 32. Rb7 Qa6 33. Qd7 g4 34. Qh7+
Kg5 35. Qf5+ Kh6 36. Rh7# 1-0

[Event "Let's Play Chess!"]
[Site "http://www.queenalice.com/game.php?id=590517"]
[Date "2009.5.19"]
[Round "-"]
[White "spawnwolfwolverine"]
[Black "twin"]
[Result "0-1"]
[WhiteElo "1616"]
[BlackElo "1819"]

1. c4 e5 2. d3 Bc5 3. e4 Nf6 4. Bg5 O-O 5. Nf3 d6 6. Be2 h6 7. Bxf6 Qxf6 8. Nc3
Bb4 9. O-O Bxc3 10. bxc3 Nc6 11. d4 Qg6 12. d5 Bh3 13. g3 Bxf1 14. Bxf1 Na5 15.
a4 Qxe4 16. Kg2 Nxc4 17. Bxc4 Qxc4 18. Ra3 g5 19. h4 g4 20. Nh2 h5 21. f3 f5 22.
f4 exf4 23. gxf4 Qxf4 24. Rb3 Qxa4 25. Qc2 Qe4+ 26. Qxe4 fxe4 27. c4 b6 28. Kg3
Rae8 29. Re3 Kg7 30. Kg2 Kf6 31. Kg3 Ke5 32. Re1 Kd4 33. Nf1 e3 34. Nxe3 Rxe3+
35. Rxe3 Kxe3 36. Kg2 Rf3 37. c5 bxc5 38. Kg1 c4 39. Kg2 c3 40. Kg1 c2 41. Kg2
c1=Q 42. Kh2 Qd2+ 43. Kg1 Rf2 44. Kh1 Qd1# 0-1

[Event "AUTO-OPEN-1563"]
[Site "http://www.queenalice.com/game.php?id=591969"]
[Date "2009.5.22"]
[Round "1"]
[White "Maffu"]
[Black "twin"]
[Result "1-0"]
[WhiteElo "1828"]
[BlackElo "1744"]

1. e4 e5 2. Nf3 Nf6 3. Nc3 Nc6 4. Bc4 Nxe4 5. O-O Bc5 6. d3 Nxf2 7. Rxf2 Bxf2+
8. Kxf2 h6 9. Bxf7+ Kxf7 10. Ne4 d5 11. Ng3 Bg4 12. h3 Bxf3 13. Qxf3+ Qf6 14.
Nf5 Ne7 15. g4 Nxf5 16. gxf5 c6 17. Bd2 Qh4+ 18. Ke2 e4 19. dxe4 dxe4 20. Qb3+
Kf6 21. Qe6# 1-0

[Event "AUTO-OPEN-1563"]
[Site "http://www.queenalice.com/game.php?id=591970"]
[Date "2009.5.22"]
[Round "1"]
[White "twin"]
[Black "Maffu"]
[Result "1-0"]
[WhiteElo "1788"]
[BlackElo "1834"]

1. e4 d6 2. d4 Nf6 3. Nc3 g6 4. Nf3 Bg7 5. Be2 Nc6 6. O-O a6 7. d5 Ne5 8. Nxe5
dxe5 9. Bg5 O-O 10. Bxf6 Bxf6 11. Re1 b5 12. a4 b4 13. Na2 a5 14. c3 Rb8 15.
cxb4 axb4 16. Bb5 e6 17. Nxb4 exd5 18. Nc6 Qd6 19. Nxb8 Bb7 20. Nd7 c6 21. Nxf8
cxb5 22. Nxh7 Kxh7 23. axb5 Qc5 24. exd5 Bxd5 25. b6 Bb7 26. Qb3 e4 27. Ra7 Bd5
28. Rc7 Qa5 29. Qe3 Bg5 30. Qh3+ Kg8 31. Rc8+ 1-0

[Event "AUTO-OPEN-1563"]
[Site "http://www.queenalice.com/game.php?id=591995"]
[Date "2009.5.22"]
[Round "1"]
[White "twin"]
[Black "Parma"]
[Result "1/2-1/2"]
[WhiteElo "1818"]
[BlackElo "2012"]

1. e4 c5 2. Nf3 e6 3. d4 cxd4 4. Nxd4 Nf6 5. Nc3 Bb4 6. Bd3 Bxc3+ 7. bxc3 h6 8.
e5 Nd5 9. Bb2 O-O 10. O-O Nc6 11. Nxc6 dxc6 12. Qf3 b5 13. Qe4 g6 14. c4 bxc4
15. Bxc4 Qe7 16. a3 Bb7 17. Bxd5 cxd5 18. Qe3 h5 19. a4 Kh7 20. Bc1 Rh8 21. Qf4
Rac8 22. Qh6+ Kg8 23. Qe3 Qc5 24. Qxc5 Rxc5 25. Ra2 Kh7 26. Be3 Rc4 27. Bxa7 Ra8
28. Bb6 Raxa4 29. Rxa4 Rxa4 30. h3 Rc4 31. Rc1 d4 32. Kf1 d3 33. g4 hxg4 34.
hxg4 dxc2 35. Ke2 Rxg4 36. Kd2 Re4 37. Bc7 Ba6 38. Rxc2 Re2+ 39. Kc3 Rxc2+ 40.
Kxc2 Kh6 41. f4 Kh5 42. Kd2 Kg4 43. Ke3 g5 44. fxg5 Kxg5 45. Kd4 1/2-1/2

[Event "AUTO-OPEN-1563"]
[Site "http://www.queenalice.com/game.php?id=591996"]
[Date "2009.5.22"]
[Round "1"]
[White "Parma"]
[Black "twin"]
[Result "1-0"]
[WhiteElo "1998"]
[BlackElo "1827"]

1. d4 d5 2. c4 e5 3. dxe5 d4 4. e3 Bb4+ 5. Bd2 dxe3 6. Qa4+ Nc6 7. Bxb4 exf2+ 8.
Kxf2 Qd4+ 9. Ke1 Qxe5+ 10. Be2 Qxb2 11. Bc3 Qc1+ 12. Kf2 Nf6 13. Qb3 Qf4+ 14.
Nf3 O-O 15. Nd2 Re8 16. Rhe1 Ng4+ 17. Kg1 Qe3+ 18. Kh1 Nf2+ 19. Kg1 Nd3+ 20. Kh1
Nxe1 21. Rxe1 Bg4 22. Bf1 Qf2 23. Qxb7 Qc5 24. Qb5 Qxb5 25. cxb5 Ne7 26. Bc4 Nd5
27. Bxd5 Bxf3 28. Nxf3 1-0

[Event "QA-ANNIV-05"]
[Site "http://www.queenalice.com/game.php?id=604294"]
[Date "2009.6.15"]
[Round "1"]
[White "twin"]
[Black "BRASILOV"]
[Result "0-1"]
[WhiteElo "1878"]
[BlackElo "2439"]

1. e4 e5 2. Nf3 Nc6 3. Bc4 Nf6 4. Ng5 d5 5. exd5 Na5 6. d3 h6 7. Nf3 e4 8. Qe2
Nxc4 9. dxc4 Bb4+ 10. c3 Bd6 11. O-O O-O 12. Nd4 c5 13. Nb3 b6 14. N1d2 Bxh2+
15. Kxh2 Ng4+ 16. Kg3 Qc7+ 17. f4 exf3+ 18. Kxf3 Bd7 19. Ne4 f5 20. Bf4 fxe4+
0-1

[Event "AUTO-INT-1297"]
[Site "http://www.queenalice.com/game.php?id=648779"]
[Date "2009.9.7"]
[Round "2"]
[White "donnybaby"]
[Black "twin"]
[Result "1-0"]
[WhiteElo "2051"]
[BlackElo "1748"]

1. e3 e5 2. c3 d5 3. h3 Nf6 4. d3 Nc6 5. Ne2 g6 6. g4 Bg7 7. g5 Nh5 8. h4 Bg4 9.
Qa4 O-O 10. Qxg4 Re8 11. Ng3 Nxg3 12. fxg3 d4 13. e4 dxc3 14. Nxc3 Nd4 15. Rh2
f6 16. Kd1 1-0

[Event "QA-ANNIV-05"]
[Site "http://www.queenalice.com/game.php?id=654365"]
[Date "2009.9.18"]
[Round "2"]
[White "gipmachado"]
[Black "twin"]
[Result "1-0"]
[WhiteElo "1786"]
[BlackElo "1680"]

1. e4 e5 2. Nf3 Nc6 3. Bb5 d6 4. d4 Bd7 5. d5 Nb4 6. Be2 f5 7. exf5 Bxf5 8. Na3
Nf6 9. c4 c6 10. dxc6 bxc6 11. O-O d5 12. cxd5 cxd5 13. Nxe5 Bd6 14. Bb5+ Nd7
15. Nxd7 Bxd7 16. Re1+ Be7 17. Qa4 Bxb5 18. Qxb5+ Kf7 19. Bd2 Rb8 20. Qe2 Re8
21. Qf3+ Bf6 22. Bxb4 Rxb4 23. Rxe8 1-0

[Event "AUTO-INT-1298"]
[Site "http://www.queenalice.com/game.php?id=656653"]
[Date "2009.9.23"]
[Round "2"]
[White "twin"]
[Black "d4c4Cc3"]
[Result "0-1"]
[WhiteElo "1715"]
[BlackElo "2059"]

1. e4 e6 2. d4 d5 3. exd5 exd5 4. Bf4 Bd6 5. Qe2+ Ne7 6. Bxd6 Qxd6 7. Nf3 Bg4 8.
h3 Bxf3 9. Qxf3 O-O 10. Bd3 Nbc6 11. a3 Nxd4 12. Qh5 g6 13. Qg4 Qe5+ 14. Kd1 h5
15. Qh4 Ndf5 16. Re1 Qxe1+ 17. Kxe1 Nxh4 0-1

[Event "AUTO-INT-1298"]
[Site "http://www.queenalice.com/game.php?id=656654"]
[Date "2009.9.23"]
[Round "2"]
[White "d4c4Cc3"]
[Black "twin"]
[Result "1-0"]
[WhiteElo "2061"]
[BlackElo "1713"]

1. d4 d5 2. c4 e5 3. dxe5 d4 4. Nf3 Nc6 5. g3 Bg4 6. Bg2 Bb4+ 7. Bd2 d3 8. O-O
Nxe5 9. Bxb4 dxe2 10. Qxe2 f6 11. h3 Bxf3 12. Bxf3 Ne7 13. Rd1 Qc8 14. Bg4 Nxg4
15. Qxe7# 1-0

[Event "AUTO-INT-1298"]
[Site "http://www.queenalice.com/game.php?id=656655"]
[Date "2009.9.23"]
[Round "2"]
[White "twin"]
[Black "QuinhoFogo"]
[Result "0-1"]
[WhiteElo "1744"]
[BlackElo "1765"]

1. e4 e5 2. Nf3 Nc6 3. Bc4 h6 4. b3 Nf6 5. Nc3 Bb4 6. Bb2 d6 7. O-O Nd4 8. Nxd4
exd4 9. Nb5 Bg4 10. f3 Bh5 11. Nxd4 d5 12. exd5 Nxd5 13. Bxd5 Qxd5 0-1

[Event "AUTO-INT-1298"]
[Site "http://www.queenalice.com/game.php?id=656656"]
[Date "2009.9.23"]
[Round "2"]
[White "QuinhoFogo"]
[Black "twin"]
[Result "1-0"]
[WhiteElo "1780"]
[BlackElo "1729"]

1. e4 e5 2. Nf3 Nc6 3. Bb5 d6 4. Bxc6+ bxc6 5. Nc3 Bg4 6. h3 Bxf3 7. Qxf3 Nf6 8.
d3 d5 9. Bg5 d4 10. Bxf6 gxf6 11. Ne2 Rb8 12. b3 Bb4+ 13. Kd1 h5 14. a3 Bc3 15.
Nxc3 1-0